[Event "Spice Cup Open"]
[Site "Saint Louis USA"]
[Date "2012.10.18"]
[Round "7"]
[White "Shulman,Y"]
[Black "Troff,Kayden W"]
[Result "0-1"]
[WhiteElo "2595"]
[BlackElo "2312"]

1.c4 Nf6 2.Nc3 e5 3.Nf3 Nc6 4.e3 Bb4 5.Qc2 d6 6.a3 Bxc3 7.Qxc3 a5 8.b3 Ne4
9.Qc2 Ng5 10.Bb2 Nxf3+ 11.gxf3 Qh4 12.Bd3 Nd8 13.f4 exf4 14.Bxg7 Rg8 15.Bb2 Rg2
16.O-O-O f3 17.Be4 Qh3 18.Qc3 Bf5 19.Bxf5 Qxf5 20.e4 Qf4 21.Qh8+ Kd7 22.Rhe1 Rc8
23.Qxh7 Rxh2 24.Qf5+ Ne6 25.Rh1 Rxf2 26.Qb5+ Ke7 27.Qxb7 Rg8 28.Bc3 Re2 29.Rhf1 Rg5
30.e5 f2 31.Bxa5 Qxe5 32.Bc3 Qf5 33.a4 Rg3 34.Kb2 Qd3 35.Ka3 Kd7 36.Qb5+ Ke7
37.a5 Qc2 38.Rc1 Qxc1+ 39.Rxc1 Rg1 40.Qf5 Rxc1 41.Qf6+ Kd7 42.Qxf7+ Kc8 43.Qg8+ Nd8
44.Bf6 Ra1+ 45.Bxa1 f1=Q 46.Bc3 Qf7 47.Qh8 Re8 48.Qh1 c6 49.Qg1 Qf5 50.Kb2 Qc5
51.Qg7 d5 52.a6 Re7 53.Qg4+ Rd7 54.Bd4 Qa5 55.a7 dxc4 56.b4 Qxb4+ 57.Kc1 Qa3+
58.Kd1 c5 59.Bxc5 Qa4+ 60.Kc1 Kb7 61.Bd4 Rf7 62.Qg2+ Nc6 63.Bc5 c3 64.a8=Q+ Qxa8  0-1

[Event "Spice Cup Open"]
[Site "Saint Louis USA"]
[Date "2012.10.19"]
[Round "8"]
[White "Shulman,Y"]
[Black "Amanov,Z"]
[Result "1-0"]
[WhiteElo "2595"]
[BlackElo "2374"]

1.d4 Nf6 2.c4 e6 3.Nc3 Bb4 4.e3 O-O 5.Bd3 c5 6.Nf3 b6 7.O-O Bb7 8.Na4 cxd4
9.exd4 Re8 10.a3 Bf8 11.Re1 d6 12.Nc3 Nbd7 13.b4 a6 14.Bb2 g6 15.Nd2 Rc8
16.Nb3 e5 17.d5 Nh5 18.Bf1 f5 19.a4 a5 20.bxa5 bxa5 21.Nb5 Nc5 22.Nxc5 Rxc5
23.Rb1 Qd7 24.Qd2 f4 25.Ba3 f3 26.g3 Nf4 27.Bxc5 dxc5 28.gxf4 Qg4+ 29.Kh1 Bh6
30.Nd6 Rf8 31.h3 Qh4 32.Rxb7  1-0

[Event "Spice Cup Open"]
[Site "Saint Louis USA"]
[Date "2012.10.19"]
[Round "9"]
[White "Banawa,Jou"]
[Black "Shulman,Y"]
[Result "0-1"]
[WhiteElo "2300"]
[BlackElo "2595"]

1.d4 Nf6 2.c4 g6 3.Nc3 Bg7 4.e4 d6 5.Nf3 O-O 6.Be2 e5 7.O-O Nc6 8.d5 Ne7
9.Ne1 Nd7 10.Nd3 f5 11.Bd2 Kh8 12.Rc1 Nf6 13.f3 c5 14.dxc6 Nxc6 15.Be3 Be6
16.b3 Rc8 17.Qd2 a6 18.Rfd1 Nd4 19.Bf1 b5 20.cxb5 axb5 21.Kh1 Rxc3 22.Qxc3 fxe4
23.fxe4 Nxe4 24.Qe1 Nf5 25.Bf2 Qa8 26.Nb4 Nxf2+ 27.Qxf2 Bh6 28.Rb1 Ne3 29.Qb2 Nxd1
30.Rxd1 Qe4 31.a3 Bg4 32.Ra1 Be3 33.Bd3 Bd4 34.Qc1 Qb7 35.Qh6 Qg7 36.Qxg7+ Kxg7
37.Rb1 Bf5 38.Bxf5 gxf5 39.Nc2 Bb6 40.g3 Rc8 41.Nb4 Bc5 42.Nc2 Kf6 43.Kg2 Ra8
44.Rd1 Ke6 45.b4 Bb6 46.Kf3 Rc8 47.Rd2 Rc3+ 48.Ke2 d5  0-1

[Event "3rd Thanksgiving Open"]
[Site "Saint Louis USA"]
[Date "2012.11.23"]
[Round "1.2"]
[White "Shulman,Y"]
[Black "Steiner,Ti"]
[Result "1-0"]
[WhiteElo "2572"]
[BlackElo "2109"]

1.d4 f5 2.Nc3 Nf6 3.Bg5 e6 4.e4 fxe4 5.Nxe4 Be7 6.Bxf6 Bxf6 7.Nf3 d5 8.Nxf6+ Qxf6
9.Bd3 a6 10.O-O Nc6 11.c3 O-O 12.Qc2 h6 13.Rae1 Bd7 14.Re3 Be8 15.Rfe1 Bf7
16.Qb3 Rab8 17.Bb1 Rfe8 18.Qc2 g6 19.h4 Kg7 20.h5 g5 21.Nh4 Rh8 22.Rf3 gxh4
23.Rxf6 Kxf6 24.Qd2 e5 25.dxe5+ Ke6 26.Qf4  1-0

[Event "3rd Thanksgiving Open"]
[Site "Saint Louis USA"]
[Date "2012.11.23"]
[Round "2.2"]
[White "Nikhilesh,K"]
[Black "Shulman,Y"]
[Result "1-0"]
[WhiteElo "2214"]
[BlackElo "2572"]

1.e4 e6 2.d4 d5 3.Nd2 h6 4.g3 c5 5.exd5 exd5 6.dxc5 Bxc5 7.Bg2 Nf6 8.Nb3 Bb6
9.Ne2 O-O 10.O-O Nc6 11.c3 Bf5 12.Ned4 Be4 13.Bf4 Qd7 14.a4 a6 15.Re1 Rfe8
16.Bf1 Rac8 17.Qd2 Qg4 18.Be2 Qh3 19.Bf1 Qh5 20.Be2 Ng4 21.h4 Qg6 22.f3 Bc2
23.Kg2 Bxb3 24.Bd3 Qf6 25.Nxb3 Nge5 26.Bc2 Rcd8 27.a5 Ba7 28.Rad1 Kf8 29.Nd4 Nxa5
30.b3 Nac6 31.Nf5 d4 32.Be4 Nxf3 33.Kxf3 Rxe4 34.Rxe4 Qxf5 35.g4 Qf6 36.g5 Qf5
37.gxh6 Bb8 38.Qg2 Ne5+ 39.Ke2 Qh5+ 40.Ke1 gxh6 41.cxd4 Nf3+ 42.Kf2 Nxh4
43.Qh1 Rd5 44.Bxb8 Rf5+ 45.Rf4 Qg4 46.Bd6+ Kg7 47.Rg1  1-0

[Event "3rd Thanksgiving Open"]
[Site "Saint Louis USA"]
[Date "2012.11.24"]
[Round "4.7"]
[White "Neimer,V"]
[Black "Shulman,Y"]
[Result "0-1"]
[WhiteElo "2411"]
[BlackElo "2572"]

1.e4 e6 2.d4 d5 3.exd5 exd5 4.Nf3 Bf5 5.Bd3 Bxd3 6.Qxd3 c6 7.O-O Bd6 8.Re1+ Ne7
9.c4 dxc4 10.Qxc4 O-O 11.Bg5 Nd7 12.Nc3 Nb6 13.Qb3 h6 14.Bxe7 Bxe7 15.Ne5 Qc7
16.a4 Bf6 17.a5 Nd7 18.f4 Rad8 19.Ne4 Bh4 20.Re3 Nxe5 21.dxe5 Rd5 22.Rh3 Be7
23.Rf1 Rfd8 24.Qg3 Rd1 25.Rxh6 Qxa5 26.Rd6 Qb6+  0-1

[Event "3rd Thanksgiving Open"]
[Site "Saint Louis USA"]
[Date "2012.11.25"]
[Round "5"]
[White "Shulman,Y"]
[Black "Priyadharshan,K"]
[Result "1/2-1/2"]
[WhiteElo "2572"]
[BlackElo "2408"]

1.d4 d5 2.Nf3 Nf6 3.c4 dxc4 4.Nc3 c5 5.d5 e6 6.e4 exd5 7.e5 Ne4 8.Qxd5 Nxc3
9.Qxd8+ Kxd8 10.bxc3 Nc6 11.Bxc4 Be6 12.Bxe6 fxe6 13.Ng5 Ke7 14.f4 Rd8 15.Be3 b6
16.Ke2 h6 17.Ne4 Kf7 18.h4 Be7 19.h5 Na5 20.g4 Nc4 21.Rad1 Nb2 22.Rb1 Nc4
23.Rhd1 Rhg8 24.Bf2 Na3 25.Rxd8 Rxd8 26.Rd1 Rd5 27.Nd2 c4 28.Bd4 Ra5 29.f5 Bg5
30.Kf3 Nb5 31.Nxc4 Rxa2 32.Nd6+ Nxd6 33.exd6 Ra5 34.fxe6+ Kxe6 35.Bxg7 Kd7
36.Ke4 Ra4+ 37.Kf5 Rf4+ 38.Kg6 Rxg4 39.Bxh6 Bd8+ 40.Kf5 Rh4 41.Kg6 Rg4+ 42.Kf5 Rh4
43.Kg6 Rg4+  1/2-1/2

[Event "Reykjavik Open 2013"]
[Site "Reykjavik ISL"]
[Date "2013.02.19"]
[Round "1.26"]
[White "Shulman,Y"]
[Black "Karlsson,Robin"]
[Result "1-0"]
[WhiteElo "2563"]
[BlackElo "1980"]

1.d4 Nf6 2.c4 g6 3.Nc3 Bg7 4.e4 d6 5.Nf3 O-O 6.Be2 e5 7.Be3 Ng4 8.Bg5 f6
9.Bh4 g5 10.Bg3 Nh6 11.c5 Nc6 12.cxd6 cxd6 13.dxe5 dxe5 14.Bc4+ Kh8 15.Qxd8 Rxd8
16.h3 g4 17.hxg4 Bxg4 18.Bd5 Bxf3 19.gxf3 Nd4 20.O-O-O Nxf3 21.Bxb7 Rab8
22.Bd5 Rd6 23.Rh5 Rc8 24.Kb1 Rb6 25.Bb3 Nd4 26.Nd5 Rd6 27.Rxd4 exd4 28.Bxd6 Ng4
29.Ne7  1-0

[Event "Reykjavik Open 2013"]
[Site "Reykjavik ISL"]
[Date "2013.02.20"]
[Round "2.22"]
[White "Ekeberg,C"]
[Black "Shulman,Y"]
[Result "0-1"]
[WhiteElo "2274"]
[BlackElo "2563"]

1.c4 g6 2.g3 Bg7 3.Bg2 c5 4.Nc3 Nc6 5.a3 e6 6.Rb1 Nge7 7.e4 d5 8.d3 dxc4
9.dxc4 Bxc3+ 10.bxc3 Qxd1+ 11.Kxd1 b6 12.Nf3 Ba6 13.Bf1 Na5 14.Nd2 g5 15.f4 gxf4
16.gxf4 Ng6 17.Nf3 Bb7 18.Bd3 O-O-O 19.Ke2 Rxd3 20.Kxd3 Rd8+ 21.Ke2 Bxe4
22.Ra1 Nh4 23.Nxh4 Bxh1 24.Be3 Be4 25.Rd1 Rxd1 26.Kxd1 Nxc4 27.Bc1 Kd7 28.Ke2 f5
29.Nf3 Bxf3+ 30.Kxf3 b5 31.Kg3 Ke7 32.Kh4 Kf6  0-1

[Event "Reykjavik Open 2013"]
[Site "Reykjavik ISL"]
[Date "2013.02.20"]
[Round "3.19"]
[White "Shulman,Y"]
[Black "Bekker Jensen,S"]
[Result "1-0"]
[WhiteElo "2563"]
[BlackElo "2405"]

1.d4 Nf6 2.c4 g6 3.Nc3 Bg7 4.e4 d6 5.Nf3 O-O 6.Be2 Na6 7.O-O e5 8.Be3 Ng4
9.Bg5 Qe8 10.Re1 exd4 11.Nd5 c6 12.Ne7+ Kh8 13.Nxc8 Rxc8 14.Nxd4 Nf6 15.Bf3 Qe5
16.Bh4 Nh5 17.Nf5 gxf5 18.exf5 Qf4 19.g3 Qxf5 20.Bxh5 Rfe8 21.Be7 Ra8 22.g4 Qf4
23.Qxd6 Qxc4 24.b3 Qd5 25.Qxd5 cxd5 26.Rad1 Kg8 27.Rxd5 Bf6 28.Rd7 Nb8 29.Rxb7 Nc6
30.Bb4 Ne5 31.Kg2 Ng6 32.Bxg6 hxg6 33.Rxa7  1-0

[Event "Reykjavik Open 2013"]
[Site "Reykjavik ISL"]
[Date "2013.02.21"]
[Round "4.4"]
[White "Yu Yangyi"]
[Black "Shulman,Y"]
[Result "1-0"]
[WhiteElo "2688"]
[BlackElo "2563"]

1.e4 e6 2.d4 d5 3.Nc3 Bb4 4.a3 Bxc3+ 5.bxc3 dxe4 6.Qg4 Nf6 7.Qxg7 Rg8 8.Qh6 Nbd7
9.a4 c5 10.a5 e5 11.Ne2 Qe7 12.h3 b6 13.axb6 Nxb6 14.Ba3 Rg6 15.Qh4 Na4 16.dxe5 Qxe5
17.Qf4 Qe7 18.Qd2 Bd7 19.Nf4 Rg8 20.Be2 Qe5 21.O-O Nxc3 22.Bc4 Nb5 23.Bxb5 Bxb5
24.Rfe1 a6 25.Rad1 Qd4 26.Qc1 Qc4 27.Bb2 Nd7 28.Nd5 Bc6 29.Nc7+ Ke7 30.Qh6 Rg6
31.Qh4+ f6 32.Qxh7+ Qf7 33.Qxf7+ Kxf7 34.Nxa8  1-0

[Event "Reykjavik Open 2013"]
[Site "Reykjavik ISL"]
[Date "2013.02.22"]
[Round "5.20"]
[White "Shulman,Y"]
[Black "Mikkelsen,N"]
[Result "1-0"]
[WhiteElo "2563"]
[BlackElo "2421"]

1.d4 Nf6 2.c4 c5 3.d5 e6 4.Nc3 exd5 5.cxd5 d6 6.e4 g6 7.f4 Bg7 8.Bb5+ Nfd7
9.Bd3 O-O 10.Nf3 Nf6 11.O-O Bg4 12.h3 Bxf3 13.Qxf3 Nbd7 14.Be3 a6 15.a4 Qa5
16.Kh1 Rfe8 17.Rfe1 Qb4 18.Qf2 c4 19.Bb1 Rac8 20.a5 Nc5 21.Bxc5 Qxc5 22.Qf3 h5
23.e5 h4 24.Bxg6 fxg6 25.exf6 Bxf6 26.Qg4 Rxe1+ 27.Rxe1 Kg7 28.f5 g5 29.Qh5 Kf8
30.Re6 Qd4 31.Ne4 Be5 32.Nxg5  1-0

[Event "Reykjavik Open 2013"]
[Site "Reykjavik ISL"]
[Date "2013.02.24"]
[Round "7.6"]
[White "Cheparinov,I"]
[Black "Shulman,Y"]
[Result "1-0"]
[WhiteElo "2709"]
[BlackElo "2563"]

1.d4 Nf6 2.c4 c5 3.d5 e5 4.Nc3 d6 5.e4 Nbd7 6.Bd3 Be7 7.h3 Nf8 8.Nf3 Ng6
9.g3 a6 10.Qc2 Rb8 11.h4 h5 12.Ng5 Ng4 13.f3 Nh6 14.Bd2 Bd7 15.Rb1 b5 16.cxb5 axb5
17.b4 c4 18.Be2 O-O 19.Qc1 f5 20.Ne6 Bxe6 21.dxe6 f4 22.Nd5 Kh7 23.gxf4 Bxh4+
24.Kd1 exf4 25.Bc3 Re8 26.Kc2 Rxe6 27.Qd2 Rb7 28.Rbg1 Rf7 29.Bd4 Bg3 30.Rxh5 Ne5
31.Kb1 Qe8 32.Rgh1 Kg8 33.Qc3 Rb7 34.Bf1 Kh8 35.Rg5 Qd8 36.Rhh5 Be1 37.Qxe1 Nxf3
38.Nxf4 Re5 39.Qd1 Nxd4 40.Qxd4 Qxg5 41.Rxg5 Rxg5 42.Bh3 Rf7 43.Qxd6 Rf6
44.Qd2 Rg1+ 45.Kb2 Rg3 46.Qh2 Rf3 47.Bf5 Kg8 48.Nd5  1-0

[Event "Reykjavik Open 2013"]
[Site "Reykjavik ISL"]
[Date "2013.02.26"]
[Round "9.24"]
[White "Shulman,Y"]
[Black "Saduakassova,D"]
[Result "1-0"]
[WhiteElo "2563"]
[BlackElo "2312"]

1.c4 Nf6 2.g3 e6 3.Bg2 d5 4.Nf3 dxc4 5.Qa4+ Nbd7 6.Qxc4 c5 7.Qc2 Bd6 8.O-O Qc7
9.Na3 a6 10.Nc4 O-O 11.d4 cxd4 12.Nxd4 Bc5 13.Bf4 e5 14.Nxe5 Nxe5 15.Rac1 Nfd7
16.Nb3 Bxf2+ 17.Rxf2 Qb6 18.h3 Re8 19.Qc7 Qxc7 20.Rxc7 f6 21.Na5 Nf8 22.Nxb7 Ne6
23.Nd6 Nxc7 24.Nxe8 Ra7 25.Nxc7 Rxc7 26.Bxe5  1-0

[Event "Reykjavik Open 2013"]
[Site "Reykjavik ISL"]
[Date "2013.02.27"]
[Round "10.21"]
[White "Bartholomew,J"]
[Black "Shulman,Y"]
[Result "0-1"]
[WhiteElo "2435"]
[BlackElo "2563"]

1.d4 Nf6 2.c4 e6 3.Nc3 Bb4 4.Nf3 b6 5.e3 Bb7 6.Bd3 O-O 7.O-O Bxc3 8.bxc3 c5
9.Re1 Ne4 10.Qc2 f5 11.Nd2 Qh4 12.g3 Qf6 13.f4 Nxd2 14.Bxd2 d6 15.d5 exd5
16.cxd5 Bxd5 17.c4 Be6 18.Bc3 Qf7 19.e4 Bxc4 20.exf5 Bxd3 21.Qxd3 Nd7 22.Qxd6 Qxf5
23.Re7 Rf7 24.Rae1 Raf8 25.Qc7 Qd3 26.R7e3 Qb5 27.Qd6 Qc4 28.a3 Nf6 29.Ba1 Qd5
30.Qe5 Rd7 31.Qc3 Qf7 32.Re5 Rfd8 33.Qc2 Rd2 34.Qf5 Qb7 35.Qe6+ Kh8 36.Qh3 Qf3
37.Rf1 Rd1 38.Ree1 Rxe1 39.Rxe1 Rd1 40.Qc8+ Ng8 41.Qe8 Rxe1+ 42.Qxe1 Qxa3
43.f5 Qd3 44.Qe5 Qd7 45.h4 h6 46.Kh2 h5 47.Qf4 Qf7 48.Bc3 Kh7 49.Qe4 Nh6
50.f6+ Qg6 51.Qb7 Ng4+ 52.Kh3 Nxf6 53.Bxf6 Qxf6 54.Qxa7 Qe6+ 55.Kh2 Qe2+
56.Kh3 Qf1+ 57.Kh2 Qf2+ 58.Kh3 Qf5+ 59.Kh2 b5 60.Qb7 b4 61.Kg1 Qd3 62.Kh2 Qe2+
63.Kh3 Qe6+ 64.Kh2 b3 65.Qb5 Qe3 66.Qd7 Qe2+ 67.Kg1 Qe1+ 68.Kh2 Qe2+ 69.Kg1 Qe4  0-1

[Event "TCh-ISL 2012-13"]
[Site "Reykjavik ISL"]
[Date "2013.03.01"]
[Round "5.2"]
[White "Shulman,Y"]
[Black "Andersen,Mad"]
[Result "1-0"]
[WhiteElo "2570"]
[BlackElo "2470"]

1.d4 d5 2.c4 c6 3.Nf3 Nf6 4.Nc3 e6 5.Bg5 h6 6.Bxf6 Qxf6 7.e3 g6 8.Be2 Bg7
9.e4 dxe4 10.Nxe4 Qe7 11.c5 O-O 12.Ne5 Rd8 13.Nd6 Nd7 14.f4 Nxe5 15.fxe5 f6
16.Qc2 fxe5 17.Qxg6 Qf6 18.Qxf6 Bxf6 19.O-O Bg7 20.Bc4 Kh7 21.dxe5 Bxe5 22.Rf7+ Kg8
23.Raf1 Bd4+ 24.Kh1 Bxc5 25.Nxc8 Rdxc8 26.Bxe6 Re8 27.Rf8+ Kg7 28.R1f7+ Kg6
29.Rf6+ Kg5 30.h4+ Kxh4 31.Rf4+ Kg5 32.R8f5+  1-0

[Event "TCh-ISL 2012-13"]
[Site "Reykjavik ISL"]
[Date "2013.03.02"]
[Round "6.2"]
[White "L'Ami,E"]
[Black "Shulman,Y"]
[Result "1-0"]
[WhiteElo "2624"]
[BlackElo "2570"]

1.d4 Nf6 2.c4 e6 3.Nf3 b6 4.g3 Ba6 5.Nbd2 d5 6.Bg2 Be7 7.O-O O-O 8.b3 c5
9.Bb2 Nbd7 10.Rc1 Rc8 11.dxc5 bxc5 12.e3 Qb6 13.Rc2 Rfd8 14.Qa1 Ne8 15.Rfc1 Bf6
16.Ne1 d4 17.exd4 Bxd4 18.Bxd4 cxd4 19.Nd3 Nc5 20.Nxc5 Qxc5 21.a3 Nf6 22.b4 Qe7
23.Qb2 e5 24.b5 Bb7 25.Bxb7 Qxb7 26.c5 e4 27.c6 Qe7 28.Re1 Rd5 29.a4 Qe5
30.Rc4 Re8 31.c7 Rc8 32.Nf3 Qd6 33.Nxd4 Rxc7 34.Rxc7 Qxc7 35.Nc6 h5 36.Qe2 Rd3
37.a5 h4 38.Qc2 Qd6 39.b6 axb6 40.axb6 Rd2 41.Qc3 Rd3 42.Qc2 Rd2 43.Ne7+ Kh7
44.Qc7 e3 45.Rxe3 h3 46.Re1 Qd4 47.Qf4 Qxf4 48.gxf4 Rb2 49.Nc6 Rxb6 50.Ne5 Rb7
51.Kf1 Nd5 52.f5 Nf4 53.Re4 Rb1+ 54.Re1 Rxe1+ 55.Kxe1 f6 56.Ng4 Nd5 57.Ke2 Ne7
58.Ne3 Kh6 59.f4 Kh5 60.Kf3 Kh4 61.Ke4 Kh5 62.Kd4 Kh4 63.Kd3 Nc6 64.Ke4 Ne7
65.Kf3 Nc6 66.Nc2 Ne7 67.Nd4 Kh5 68.Kg3 Nd5 69.Ne6 g6 70.fxg6 Kxg6 71.Nd4 Kh5
72.Ne2 Kg6 73.Kxh3 Kf5 74.Kg3 Ne3 75.Kf3 Nd5 76.Ng3+ Kg6 77.Ke4 Ne7 78.h4 Nc6
79.h5+ Kf7 80.Nf5 Nb4 81.Nh6+ Kg7 82.Ng4 Nc6 83.Kd5 Nd8 84.f5 Kf7 85.h6 Nb7
86.Ne3 Na5 87.Nc4 Nb3 88.Nd6+ Kg8 89.Ke6 Kh7 90.Nf7 Nc5+ 91.Kxf6 Ne4+ 92.Ke7 Ng3
93.Ke6 Ne4 94.Ke5 Nc5 95.Kf4 Nd3+ 96.Kg4 Nb4 97.Kh5 Nd5 98.Ng5+ Kh8 99.Kg6 Ne7+
100.Kf6 Nc6 101.h7 Nd4 102.Kg6  1-0

[Event "TCh-ISL 2012-13"]
[Site "Reykjavik ISL"]
[Date "2013.03.02"]
[Round "7.2"]
[White "Shulman,Y"]
[Black "Kuzubov,Y"]
[Result "1/2-1/2"]
[WhiteElo "2570"]
[BlackElo "2617"]

1.d4 d6 2.e4 g6 3.c4 Bg7 4.Nc3 c5 5.d5 a6 6.Bd3 b5 7.cxb5 Nf6 8.Nge2 Nbd7
9.bxa6 O-O 10.O-O Bxa6 11.Bxa6 Rxa6 12.Qc2 Qa8 13.Rd1 Rb8 14.Rb1 Ne8 15.Bg5 Kf8
16.Qd2 Rb4 17.Bh6 Qa7 18.h3 Nef6 19.Ng3 Bxh6 20.Qxh6+ Kg8 21.Qg5 Qb8 22.b3 Rab6
23.Rbc1 c4 24.Nf5 Qf8 25.bxc4 Rxc4 26.Nd4 Rxc3 27.Rxc3 Nxe4 28.Qc1 Nxc3 29.Qxc3 Nf6
30.Nc6 Qe8 31.Qe3 Nxd5 32.Nxe7+ Qxe7 33.Rxd5  1/2-1/2

[Event "ch-USA 2013"]
[Site "Saint Louis USA"]
[Date "2013.05.04"]
[Round "2"]
[White "Shulman,Y"]
[Black "Sevian,Samuel"]
[Result "1/2-1/2"]
[WhiteElo "2570"]
[BlackElo "2371"]

1.d4 d5 2.c4 c6 3.Nf3 Nf6 4.Nc3 e6 5.Bg5 dxc4 6.a4 b5 7.Bxf6 gxf6 8.e3 Qb6
9.Be2 Nd7 10.O-O Bb4 11.Qc2 Bb7 12.Qe4 a6 13.Rfc1 Bd6 14.Qh4 Qd8 15.Qh3 f5
16.e4 fxe4 17.Nxe4 Nf6 18.Nfg5 Nxe4 19.Nxe4 Qe7 20.Bf3 O-O-O 21.axb5 cxb5
22.b3 Ba3 23.Nc5 Bxc5 24.dxc5 Qxc5 25.bxc4 b4 26.Bxb7+ Kxb7 27.Qf3+ Kb6 28.Qxf7 a5
29.Re1 Rd6 30.h3 Rhd8 31.Qxh7 Rf8 32.Qc2 Rf4 33.Rac1 a4 34.Qxa4 Rxf2 35.Kh1 Rxg2
36.Kxg2 Rd2+ 37.Kh1 Rh2+  1/2-1/2

[Event "ch-USA 2013"]
[Site "Saint Louis USA"]
[Date "2013.05.05"]
[Round "3"]
[White "Khachiyan,M"]
[Black "Shulman,Y"]
[Result "1/2-1/2"]
[WhiteElo "2518"]
[BlackElo "2570"]

1.e4 e6 2.d4 d5 3.exd5 exd5 4.Nf3 Nf6 5.Bd3 Be7 6.O-O Bg4 7.Re1 O-O 8.Nbd2 Nbd7
9.h3 Bh5 10.Nf1 Re8 11.Ng3 Bg6 12.Ne5 Nxe5 13.dxe5 Ne4 14.Nxe4 dxe4 15.Bc4 Bc5
16.Qxd8 Raxd8 17.Bf4 h6 18.Rad1 e3 19.Bxe3 Bxe3 20.Rxd8 Bxf2+ 21.Kxf2 Rxd8
22.c3 Kf8 23.g4 Rd2+ 24.Re2 Rxe2+ 25.Kxe2 Be4 26.Ke3 Bg2 27.h4 Ke7 28.g5 hxg5
29.hxg5 b6 30.b4 Bh3  1/2-1/2

[Event "ch-USA 2013"]
[Site "Saint Louis USA"]
[Date "2013.05.06"]
[Round "4"]
[White "Shulman,Y"]
[Black "Gareev,T"]
[Result "1/2-1/2"]
[WhiteElo "2570"]
[BlackElo "2674"]

1.d4 Nf6 2.c4 e6 3.Nc3 Bb4 4.e3 b6 5.Ne2 c5 6.a3 Ba5 7.Rb1 Na6 8.g3 Bb7 9.d5 b5
10.Bg2 bxc4 11.O-O O-O 12.e4 exd5 13.e5 Ng4 14.Bxd5 Bc6 15.Bf4 Re8 16.Bxc6 dxc6
17.Qa4 Qb6 18.Qxc4 Nxe5 19.Bxe5 Rxe5 20.Rfd1 Qb7 21.Nf4 Bb6 22.Nd3 Rf5 23.Re1 Rd8
24.Nf4 h6 25.Rbd1 Rd4 26.Ng6 Kh7 27.Nf8+ Kg8 28.Ng6 Kh7 29.Nf8+ Kh8 30.Ng6+ Kh7
31.Nf8+  1/2-1/2

[Event "ch-USA 2013"]
[Site "Saint Louis USA"]
[Date "2013.05.07"]
[Round "5"]
[White "Akobian,V"]
[Black "Shulman,Y"]
[Result "1/2-1/2"]
[WhiteElo "2616"]
[BlackElo "2570"]

1.d4 Nf6 2.c4 e6 3.Nf3 Bb4+ 4.Nbd2 d5 5.Qa4+ Nc6 6.a3 Bxd2+ 7.Bxd2 Ne4 8.e3 O-O
9.Qc2 Qe7 10.Bd3 Nxd2 11.Nxd2 h6 12.f4 Nb8 13.c5 Bd7 14.Nf3 Qe8 15.g4 Bb5
16.Bxb5 Qxb5 17.g5 Nd7 18.gxh6 gxh6 19.O-O-O Qc4 20.Rhg1+ Kh8 21.Qxc4 dxc4
22.Ne5 Nxe5 23.dxe5 Rad8 24.Kc2 Kh7 25.Kc3 Rd3+ 26.Rxd3 cxd3 27.Kxd3 Rg8
28.Rxg8 Kxg8 29.Kc4 c6 30.b4 Kf8 31.b5 Ke7 32.bxc6 bxc6 33.Kd3 Kf8 34.Ke4 Kg7
35.f5 Kf8 36.Kf4 Kg7 37.Kg4 Kh7 38.e4 Kg8 39.Kh4 Kg7 40.Kh5 Kh7 41.f6 a6
42.h3 Kg8 43.Kg4 Kh8 44.Kf3 Kg8 45.Ke3 Kf8 46.Kd2 Ke8 47.Kc3 Kd7 48.Kc4 Kd8
49.Kd4 Kd7 50.Ke3 Ke8 51.Kf3 Kf8 52.Kg4 Kg8 53.Kh5 Kh7 54.h4 a5 55.Kg4 Kg8
56.Kf3 Kh8 57.Ke3 Kh7 58.Ke2 Kg6 59.Kf3 Kh7 60.Kf4 Kh8 61.Kg3 Kh7 62.Kh3 Kh8
63.Kg2 Kh7 64.Kf3 Kh8 65.Ke2 Kh7 66.h5 Kg8 67.Kd3 Kf8 68.Kc4 Ke8 69.Kb3 Kd7
70.Ka4 Kc7 71.Kxa5 Kb7 72.a4 Ka7  1/2-1/2

[Event "ch-USA 2013"]
[Site "Saint Louis USA"]
[Date "2013.05.09"]
[Round "6"]
[White "Robson,R"]
[Black "Shulman,Y"]
[Result "1-0"]
[WhiteElo "2620"]
[BlackElo "2570"]

1.e4 e6 2.d4 d5 3.Nc3 Bb4 4.exd5 exd5 5.Bd3 c6 6.h3 Qf6 7.Nf3 Bf5 8.O-O Bxd3
9.cxd3 Na6 10.Re1+ Kf8 11.Ne5 Qd8 12.Bg5 Be7 13.Qb3 Rb8 14.Bxe7+ Nxe7 15.Qa3 Kg8
16.Nd7 Qxd7 17.Rxe7 Qd8 18.Rae1 h5 19.Ne2 Nc7 20.Ng3 Nb5 21.Qc5 g6 22.a4 Nd6
23.Qxa7 Ra8 24.Qc5 Rxa4 25.h4 Kg7 26.Qc1 Rxd4 27.Qg5 Rg4 28.Nxh5+ Rxh5 29.Qxg4 Nf5
30.Rxb7 Rxh4 31.Qe2 Qf6 32.Rb8 Nd4 33.Qe8 Qd6 34.Qg8+ Kf6 35.Qd8+ Qxd8 36.Rxd8 Rg4
37.Kf1 Rh4 38.Kg1 Rg4 39.Rd6+ Kg7 40.Ra1 Nf3+ 41.Kf1 Nd2+ 42.Ke2 Nb3 43.Ra8 Rb4
44.Kd1 Nd4 45.Kc1 Kh6 46.Rd7 Ne2+ 47.Kc2 Rf4 48.Kd2 Nd4 49.Ke3 Kg5 50.Raa7 f6
51.Rh7 Nc2+ 52.Ke2 Nd4+ 53.Kf1 Nf5 54.Ke1 Rb4 55.Rhb7 Rh4 56.Rh7 Rb4 57.Rhb7 Rh4
58.Ra6 Nd4 59.b4 Rh2 60.g3 Nf3+ 61.Ke2 Nd4+ 62.Kd2 Kf5 63.Rc7 g5 64.b5 Nxb5
65.Rcxc6 Rxf2+ 66.Ke3 Rb2 67.Rxf6+ Kg4 68.Ra1 Rg2 69.Ra5 Rxg3+ 70.Kd2 Rg2+
71.Ke1 Nd4 72.Ra4 Re2+ 73.Kf1  1-0

[Event "ch-USA 2013"]
[Site "Saint Louis USA"]
[Date "2013.05.11"]
[Round "8"]
[White "Arnold,Mar"]
[Black "Shulman,Y"]
[Result "1/2-1/2"]
[WhiteElo "2538"]
[BlackElo "2570"]

1.e4 e6 2.d4 d5 3.Nc3 Bb4 4.exd5 exd5 5.Bd3 c6 6.h3 Nf6 7.Qf3 Qe7+ 8.Ne2 Ne4
9.Bxe4 dxe4 10.Qg3 O-O 11.Bg5 f6 12.Bf4 Bf5 13.a3 Bxc3+ 14.Nxc3 Re8 15.O-O-O Nd7
16.Rhe1 Qf7 17.Rd2 Bg6 18.Rde2 f5 19.f3 exf3 20.Qxf3 Bh5 21.Rxe8+ Rxe8 22.Rxe8+ Qxe8
23.Qf2 Nf6 24.Be5 Ne4 25.Qxf5 Nxc3 26.bxc3 Bg6 27.Qf3 Qf8 28.Qxf8+ Kxf8 29.Kd2 h5
30.h4 Be4  1/2-1/2

[Event "ch-USA 2013"]
[Site "Saint Louis USA"]
[Date "2013.05.12"]
[Round "9"]
[White "Shulman,Y"]
[Black "Sammour Hasbun,J"]
[Result "1-0"]
[WhiteElo "2570"]
[BlackElo "2463"]

1.d4 d5 2.c4 c6 3.Nf3 Nf6 4.e3 a6 5.Nc3 b5 6.b3 Bg4 7.Be2 Nbd7 8.h3 Bh5 9.g4 Bg6
10.Ne5 bxc4 11.bxc4 e6 12.Nxg6 hxg6 13.Bd2 dxc4 14.Bxc4 Bb4 15.Rc1 c5 16.dxc5 Nxc5
17.Qe2 Rc8 18.Bxa6 Nxa6 19.Qxa6 O-O 20.Ke2 Ra8 21.Qc4 Qa5 22.a3 Bxa3 23.Ne4 Qa6
24.Nxf6+ gxf6 25.Qxa6 Rxa6 26.Ra1 Rfa8 27.Rhb1 Be7 28.Rxa6 Rxa6 29.Rb7 Kf8
30.h4 Ra4 31.f4 e5 32.h5 gxh5 33.gxh5 Bd6 34.Rb6 Ke7 35.h6 exf4 36.exf4 Ra8
37.f5 Ra1 38.Rb7+ Ke8 39.Kd3 Be5 40.Bb4 Rh1 41.Bd2 Rh2 42.Ra7 Rxd2+ 43.Kxd2 Bf4+
44.Kd3 Bxh6 45.Ke4 Bd2 46.Rc7 Be1 47.Rc4 Bg3 48.Kf3 Bd6 49.Kg4 Bf8 50.Rc8+ Ke7
51.Kh5 Bg7 52.Rg8 Bf8 53.Rh8 Bg7 54.Rh7 Kf8 55.Kg4 Kg8 56.Rh1 Bf8 57.Ra1 Bd6
58.Ra8+ Kg7 59.Kf3 Bb4 60.Ke4 Bd2 61.Kd5 Bc1 62.Kd6  1-0

[Event "Chicago Open 2013"]
[Site "Wheeling USA"]
[Date "2013.05.23"]
[Round "1.8"]
[White "Shulman,Y"]
[Black "Aaron,D"]
[Result "0-1"]
[WhiteElo "2570"]
[BlackElo "2257"]

1.d4 d5 2.c4 c6 3.Nc3 Nf6 4.e3 e6 5.Nf3 Nbd7 6.Bd3 Bd6 7.e4 dxe4 8.Nxe4 Be7
9.O-O O-O 10.Qe2 b6 11.Bg5 Bb7 12.c5 Nxe4 13.Qxe4 g6 14.Bxe7 Qxe7 15.Rac1 Rfd8
16.Qe3 bxc5 17.dxc5 Nxc5 18.Bxg6 hxg6 19.Rxc5 Rd5 20.Rfc1 Rxc5 21.Rxc5 Rd8
22.g4 Rd1+ 23.Kg2 Ba6 24.b4 Bf1+ 25.Kg3 Qd6+ 26.Qe5 f6 27.Qxd6 Rxd6 28.Ne1 Bb5
29.h4 Rd2 30.Rc2 Rd4 31.g5 Rxb4 32.Nf3 Kf7 33.Nh2 Rc4 34.Rd2 Rc3+ 35.f3 c5
36.Ng4 fxg5 37.hxg5 Ke7 38.Ne5 Be8 39.Kf4 Ra3 40.Ke4 Ra4+ 41.Ke3 Ra3+ 42.Kf2 Rc3
43.Kg3 Rc1 44.Nd3 Rg1+ 45.Kf4 c4 46.Ne5 Rc1 47.Rh2 c3 48.Ke3 Bb5 49.Nd3 Rd1
50.Nc5 Rd5 51.Ne4 Rd3+ 52.Kf4 Ba4 53.Rh7+ Kd8 54.Nc5 Rd4+ 55.Ke3 c2 56.Nxe6+ Ke8
57.Kxd4 c1=Q 58.Nc7+ Kf8 59.Ne6+ Kg8 60.Rg7+ Kh8 61.Rf7 Qb2+ 62.Kd5 Qxa2+
63.Kd6 Qa3+ 64.Kc7 Qc3+ 65.Kd6 Qb4+ 66.Ke5 Bb3 67.Rf8+ Kh7 68.Rf7+ Kg8 69.Rg7+ Kh8
70.Rxg6 Qc3+ 71.Kf4 Qd2+ 72.Kg4 Qg2+ 73.Kf4 Qd2+ 74.Kg4 Bxe6+ 75.Rxe6 Qd7
76.Kf5 a5 77.Kf6 Qg7+ 78.Kf5 Qf7+ 79.Rf6 Qd7+ 80.Ke5 Kg7 81.f4 a4 82.f5 Qb5+
83.Kd6 Qd3+ 84.Kc6 Qc3+ 85.Kb5 a3 86.Rd6 Qe5+ 87.Kc6 Qxf5  0-1

[Event "Chicago Open 2013"]
[Site "Wheeling USA"]
[Date "2013.05.24"]
[Round "3.14"]
[White "Shulman,Y"]
[Black "Denton,Bradley J"]
[Result "1-0"]
[WhiteElo "2570"]
[BlackElo "2270"]

1.e4 c6 2.d4 d5 3.f3 dxe4 4.fxe4 e5 5.Nf3 Bg4 6.c3 Nd7 7.Bc4 Bh5 8.O-O Ngf6
9.Bg5 Bd6 10.Nbd2 O-O 11.Kh1 Qc7 12.Qc2 h6 13.Be3 Rae8 14.Bg1 c5 15.d5 g5
16.a4 Bg6 17.Bd3 c4 18.Bxc4 Nc5 19.Nxg5 Kg7 20.Bxc5 hxg5 21.Bxd6 Qxd6 22.Bd3 Rh8
23.Nc4 Qc5 24.b4 Qc7 25.Ne3 Nh5 26.Kg1 Nf4 27.g3 Qb6 28.Rae1 Rh3 29.a5 Qd8
30.Rf2 Reh8 31.Bf1 Qc8 32.gxf4 exf4 33.Bxh3 Qxh3 34.Nf5+ Bxf5 35.exf5 f3
36.f6+ Kf8 37.Qe4  1-0

[Event "Chicago Open 2013"]
[Site "Wheeling USA"]
[Date "2013.05.25"]
[Round "4.8"]
[White "Mulyar,M"]
[Black "Shulman,Y"]
[Result "1/2-1/2"]
[WhiteElo "2383"]
[BlackElo "2570"]

1.d4 Nf6 2.c4 e6 3.Nf3 Bb4+ 4.Bd2 c5 5.Bxb4 cxb4 6.g3 O-O 7.Bg2 d6 8.O-O Nc6
9.Nbd2 e5 10.d5 Nb8 11.Ne1 Na6 12.Nd3 Nd7 13.a3 Qb6 14.axb4 Nxb4 15.Qb3 Nxd3
16.Qxb6 Nxb6 17.exd3 Bf5 18.Ra3 a5 19.Rfa1 a4 20.Ne4 Bxe4 21.Bxe4 f5 22.Bf3 Rfe8
23.Be2 e4 24.dxe4 fxe4 25.Bg4 Nxc4 26.Rxa4 Rxa4 27.Rxa4 Nxb2 28.Rb4 Nd3 29.Rxb7 Nc5
30.Rc7 Re5 31.Be2 Kf8 32.Bc4 Re7 33.Rc8+ Re8 34.Rc7 Rb8 35.Be2 Rb7 36.Rxb7 Nxb7
37.f4 exf3 38.Bd3 Kf7 39.Kf2 Nc5 40.Bc2 h6 41.Kxf3 Kf6 42.Kf4 Nd7 43.h4 g6
44.Bd1 Ne5 45.Be2 g5+ 46.hxg5+ hxg5+ 47.Ke4 Kg6 48.g4 Kf6 49.Kd4 Nd7 50.Bf3 Nc5
51.Be2 Ke7 52.Bf3 Kd8 53.Kc4 Nd7 54.Be2 Kc7 55.Kb5 Ne5 56.Bd1 Kd8 57.Kb4 Nd3+
58.Kc3 Nf4 59.Kd4 Ng6 60.Kc4 Kc7 61.Kb5 Ne5 62.Be2 Nd7 63.Bd1 Nf6 64.Bf3 Kb7
65.Ka5 Kc8 66.Kb5 Kc7 67.Ka5 Nd7 68.Kb5 Kd8 69.Be2 Ne5 70.Bd1 Ke7 71.Kb4 Nd3+
72.Kc3  1/2-1/2